000 00417nam a2200169Ia 4500
003 GCL
008 140319s9999 xx 000 0 eng d
040 _aGCL /
_cGCL
082 0 4 _a843
_bB J
100 1 _aBARRES, MAURICE
245 1 0 _aUN JARDIN SUR L'ORONTE /
_cBARRES, MAURICE
260 _a[S.N] :
_bFOLIO ،
_c1990
300 _a218 P
650 0 4 _aLITERATURE
650 0 4 _aFRENCH LITERATURE
942 _2ddc
_cBK
999 _c22057
_d22057